header

Cheche (Record no. 138448)

MARC details
000 -LEADER
fixed length control field 01059nam a2200277Ia 4500
245 00 - TITLE STATEMENT
Title Cheche
260 ## - PUBLICATION, DISTRIBUTION, ETC. (IMPRINT)
Place of publication Tanzania :
Name of publisher Mkuki Na Nyota Publishers,
Year of publication 2010.
300 ## - PHYSICAL DESCRIPTION
Number of Pages xiii, 231 p.
650 #0 - SUBJECT ADDED ENTRY--TOPICAL TERM
Topical Term Newspapers.
700 1# - ADDED ENTRY--PERSONAL NAME
Personal name Hirji, Karim F.
856 40 - ELECTRONIC LOCATION AND ACCESS
Uniform Resource Identifier http://site.ebrary.com/lib/rucke/Doc?id=10449898

No items available.

© 2026 Rongo University
Contact us: librarian | system librarian | Rongo university